|
|
|
|
| LEADER |
01031nam a2200337 4500 |
| 001 |
DLU130147526 |
| 005 |
##20130513 |
| 020 |
# |
# |
|a 9786046401544
|
| 040 |
# |
# |
|a DLU
|b vie
|
| 041 |
# |
# |
|a vie
|
| 044 |
# |
# |
|a vn
|
| 082 |
# |
# |
|a 398.209 597
|b Cad
|
| 245 |
# |
# |
|a Ca dao, dân ca trên đất Phú Yên :
|b Chú giải điển tích /
|c Bùi Tân, Tường Sơn giới thiệu; Hội Văn nghệ Dân gian Việt Nam.
|
| 260 |
# |
# |
|a H. :
|b Thanh niên,
|c 2012.
|
| 300 |
# |
# |
|a 298 tr. :
|b minh hoạ ;
|c 21 cm.
|
| 504 |
# |
# |
|a Tài liệu tham khảo: tr.297.
|
| 650 |
# |
# |
|a Ca dao Việt Nam
|z Việt Nam
|z Phú Yên.
|
| 650 |
# |
# |
|a Dân ca Việt Nam
|z Việt Nam
|z Phú Yên.
|
| 700 |
# |
# |
|a Tường Sơn,
|e giới thiệu
|
| 700 |
# |
# |
|a Bùi Tân,
|e giới thiệu.
|
| 710 |
# |
# |
|a Hội Văn nghệ Dân gian Việt Nam.
|
| 923 |
# |
# |
|a 09/2012
|
| 992 |
# |
# |
|a 12000
|
| 994 |
# |
# |
|a DLU
|
| 900 |
# |
# |
|a True
|
| 911 |
# |
# |
|a Đào Thị Thu Huyền
|
| 925 |
# |
# |
|a G
|
| 926 |
# |
# |
|a A
|
| 927 |
# |
# |
|a SH
|
| 980 |
# |
# |
|a Thư viện Trường Đại học Đà Lạt
|